01459nam a2200325Ia 4500001001200000003000800012006001900020007001500039008004100054010001700095020001500112040002100127035002000148050002600168245026400194260005800458300001600516533015200532600005500684650002900739650003900768650005200807650004100859655002900900700002100929700002100950710001700971856012600988999001901114ebr10046879CaPaEBRm u cr cn|||||||||030428s2003 dcu s 000 0 eng d z 52138138  z0309089166 aCaPaEBRcCaPaEBR a(OCoLC)5566388314aJC599.G8bG984 2003eb00aGuatemalah[electronic resource] :bhuman rights and the Myrna Mack case /cTorsten Wiesel and Carol Corillon, editors ; Committee on Human Rights, National Academy of Sciences, National Academy of Engineering, Institute of Medicine of the National Academies. aWashington, D.C. :bNational Academies Press,cc2003. aviii, 53 p. aElectronic reproduction.bPalo Alto, Calif. :cebrary,d2011.nAvailable via World Wide Web.nAccess may be limited to ebrary affiliated libraries.10aMack, Myrna,d1949-1990xAssassinationzGuatemala. 0aHuman rightszGuatemala. 0aTrials (Assassination)zGuatemala. 0aCriminal justice, Administration ofzGuatemala. 0aScientistsxCivil rightszGuatemala. 7aElectronic books.2local1 aWiesel, Torsten.1 aCorillon, Carol.2 aebrary, Inc.40uhttp://site.ebrary.com/lib/rucke/Doc?id=10046879zAn electronic book accessible through the World Wide Web; click to view c173427d173427